000 00357nam a22001217a 4500
999 _c2540
_d2540
005 20200916161318.0
008 200916b ||||| |||| 00| 0 eng d
020 _a0134140958
040 _cCML
245 _aChoices in Literature. (Copper)
_cBowler, E., and others
260 _aUpper Saddle River
_bPrentice-Hall, Inc
_c1997
942 _2ddc
_cBK
_hREF/CHO